MARC

LEADER 00000nam0a2200000 4500
001 197297
005 20231031183421.0
035 |a (RuTPU)RU\TPU\book\215202 
090 |a 197297 
100 |a 20110608d1989 km y0rusy50 ca 
101 0 |a rus 
102 |a RU 
105 |a a z 001zy 
200 1 |a Безопасность труда в цветной металлургии  |f Центральный научно-исследовательский и проектно-конструкторский институт профилактики пневмокониозов и техники безопасности ; под ред. В. А. Щербакова 
210 |a Свердловск  |c Изд-во ЦНИИПП  |d 1989 
215 |a 138 с.  |c ил. 
320 |a Библиография в конце статей 
610 1 |a металлургия 
610 1 |a цветная металлургия 
610 1 |a труд 
610 1 |a безопасность труда 
610 1 |a производственный травматизм 
610 1 |a профессиональные заболевания 
675 |a 669.2.013.8  |v 3 
702 1 |a Щербаков  |b В. А.  |4 340 
712 0 2 |a Центральный научно-исследовательский и проектно-конструкторский институт профилактики пневмокониозов и техники безопасности  |2 stltpush  |3 (RuTPU)RU\TPU\col\17410 
801 1 |a RU  |b 63413507  |c 20110608 
801 2 |a RU  |b 63413507  |c 20110719  |g RCR 
942 |c BK